|
|
|
|
| LEADER |
00663cam a2200205 a 4500 |
| 001 |
0000129057 |
| 005 |
20110929090000.0 |
| 040 |
|
|
|a mod
|
| 041 |
|
|
|a eng
|
| 020 |
0 |
0 |
|a 9780431114965 (hbk.)
|
| 090 |
0 |
0 |
|a 720
|b PRI
|c f
|e 2009
|
| 100 |
1 |
0 |
|a Price
|h Sean Stewart
|
| 245 |
1 |
4 |
|a The story behind
|b skyscrapers
|c Sean Stewart Price
|
| 260 |
0 |
0 |
|a London
|b Heinemann Library
|c 2009
|
| 300 |
|
|
|a 32 p.
|b col. ill.
|c 28 cm
|
| 490 |
0 |
0 |
|a True stories
|
| 504 |
0 |
0 |
|a Includes bibliographical references and index
|
| 650 |
0 |
0 |
|a Skyscrapers
|x History
|x Juvenile literature
|
| 852 |
0 |
0 |
|a 01
|
| 999 |
|
|
|a 0289873
|b KEMENTAH
|d BOOKS
|e Koleksi Kanak-kanak (K)
|f Perpustakaan KEMENTAH
|j AVAILABLE
|q GOOD CONDITION
|